Т. 2; Международный электротехнический словарь

Xehetasun bibliografikoak
Parent link:Международный электротехнический словарь: сводный указатель терминов/ Международная электротехническая комиссия. Т. 2.— , 1978
Gaia:Исключено из фонда НТБ ТПУ
Hizkuntza:errusiera
ingelesa
Argitaratua: 1978
Formatua: Liburua
KOHA link:https://koha.lib.tpu.ru/cgi-bin/koha/opac-detail.pl?biblionumber=296338

MARC

LEADER 00000nam2a2200000 4500
001 296338
005 20231101002737.0
035 |a (RuTPU)RU\TPU\book\321444 
090 |a 296338 
100 |a 20150529d1978 km y0rusy50 ca 
101 0 |a rus  |a eng 
102 |a RU 
105 |a y c 000zy 
200 0 |a Т. 2 
210 |d 1978 
215 |a 344 с. 
333 |a Исключено из фонда НТБ ТПУ 
461 1 |0 (RuTPU)RU\TPU\book\126633  |t Международный электротехнический словарь  |o сводный указатель терминов  |f Международная электротехническая комиссия  |v Т. 2  |d 1978  |s Публикация 50 (00) 
801 1 |a RU  |b 63413507  |c 20150529 
801 2 |a RU  |b 63413507  |c 20210426  |g RCR 
942 |c BK